00477nam a22001577a 45000050016000000100014000160200026000300350013000560370013000690820011000821000021000932450091001142600044002052700044002493000026002932010072205365.0 aENG-97361 c299.00a9788131727966 aEN-80894 bDBAD/VEN a650.13 aD' Souza, Steven aBrilliant networking:cby Steven D' Souzabwath the best networkers know, do and say / aDelhibDorling Kindersley (India)c2009 a482, F.I.E., Patparganj,bDelhie110092 axii, 228pc22cm (pbk)